000 01111cam a22003011 4500
001 e 43000028
003 DLC
005 20260227111231.0
008 790829s1942 lauag s000 0 eng c
010 _ae 43000028
035 _a(OCoLC)5323924
040 _aU.S. Off. of educ. Library
_cLU
_dOCoLC
_dDLC
042 _apremarc
043 _an-us-la
050 0 0 _aL154
_b.B32 no. 470
082 _a372.241
110 1 _aLouisiana.
_bDepartment of Education.
245 1 0 _aGuide for teaching in the primary grades.
_cIssued by John E. Coxe, state superintendent of public education.
260 _aBaton Rouge,
_c[1942]
300 _a678 p.
_billus. (incl. music)
_c23 cm.
490 1 _aIts Bulletin
_vno. 470
500 _a"Prepared under the direction of R. R. Ewerz, director of instructional supervision, and by Miss Alma Schmalzrid, state supervisor of primary education."--p. 6.
504 _aIncludes bibliographies.
650 0 _aEducation
_zLouisiana
_xCurricula.
650 0 _aEducation.
700 1 _aSchmalzrid, Alma.
810 1 _aLouisiana.
_bDepartment of Education.
_tBulletin
_vno. 470.
999 _c21915
_d21915